[Event "Stay Safe Play From Home 222"]
[Site "T#646744Emanuel Laske"]
[Date "2020.06.12"]
[Round "5"]
[White "Haxhi Baha"]
[Black "Tunca"]
[Result "0-1"]
[WhiteElo "2043"]
[BlackElo "1776"]
[Annotator "TA"]
[PlyCount "130"]
[EventDate "2020.06.12"]
[EventType "swiss (blitz)"]

{[%evp 11,130,41,72,21,89,-7,-14,-15,0,-62,-30,-83,-62,-74,-83,-102,-97,-270,-122,-139,-137,-122,-81,-198,-132,-564,-557,-554,-43,-22,0,-42,21,-11,48,44,46,25,96,38,53,43,22,-64,-47,-64,-34,-74,43,-6,102,0,152,141,321,229,608,602,595,581,454,306,337,346,354,347,347,351,350,337,268,257,329,331,299,325,313,313,297,277,2139,1780,2099,1664,1516,1313,727,0,0,0,0,0,0,0,0,0,0,0,0,0,0,-29979,-29979,-29979,-29979,-29981,-29982,-29984,-29984,-29984,-29985,-29985,-29986,-29988,-29989,-29989,-29990,-29991,-29992,-29992,-29993]} 1. e4 Nf6 2. e5 Nd5 3. c4 Nb6 4. d4 d6 5. exd6 cxd6 6. Nf3 Nc6 7. h3 {B04: Alekhine's Defence: 4 Nf3.} ({White should play} 7. d5 $16 Nb4 8. Be3) 7... g6 (7... e5 $11) 8. b3 (8. d5 $16) 8... Bg7 $11 9. Bb2 {The position is equal.} O-O {[#]} 10. Nbd2 $146 (10. Be2 $11) ({Predecessor:} 10. Be2 e5 11. dxe5 dxe5 12. O-O Be6 13. Qxd8 Rfxd8 14. Nbd2 e4 15. Nxe4 Bxb2 16. Rab1 Bf5 17. Rxb2 Bxe4 {0-1 (17) Bardorz,S (1646)-Petri,B (1895) Willingen 2019}) 10... Bf5 {Threatens to win with ...e5.} 11. g4 (11. Be2 $11 {remains equal.}) 11... Bc8 12. Bd3 d5 13. c5 Nd7 $1 {[%cal Rd7c5] ...Nxc5! is the strong threat.} 14. a3 $2 {[#]} (14. Rc1 $17) 14... Re8 (14... Nxc5 $1 $19 {[%mdl 512] is more deadly.} 15. Be2 (15. dxc5 Bxb2) 15... Ne6) 15. Qc2 $17 e5 16. dxe5 Ndxe5 17. Nxe5 (17. O-O-O $17) 17... Nxe5 (17... Bxe5 $19 18. O-O-O Qf6) 18. O-O $2 {[%mdl 8192]} (18. O-O-O $17 {was the crucial defense.}) 18... Nxd3 $19 19. Bxg7 Kxg7 $2 (19... Nf4 $19 20. Kh2 Kxg7 21. Qc3+ d4) 20. Qxd3 $15 Be6 21. f4 f6 ({Black should try} 21... h5 $15 22. f5 gxf5 23. gxf5 Bd7) 22. Qd4 Kg8 ({Better is} 22... h5 $11) 23. Rfe1 Bf7 24. b4 Re7 (24... b6 $11) 25. Nf3 (25. Rxe7 $16 Qxe7 26. Nf3) 25... Re4 $1 $14 {[%cal Re4d4]} 26. Rxe4 dxe4 27. Qxd8+ ({But not} 27. Qxe4 $2 Bd5 $19) (27. Rd1 $1 $11 Qe7 28. Re1) 27... Rxd8 {[%mdl 4096] Endgame KRB-KRN} 28. Ne1 Bc4 29. Rc1 Bd3 (29... Bb5 $17) 30. Kf2 Kf7 {[#]} (30... Bb5 $11) 31. Ke3 ({White must play} 31. Rd1 $1 $16) 31... Ke6 $2 (31... Bb5 $11) 32. Rd1 $16 f5 $2 (32... b6 $16) 33. g5 Rd7 $2 (33... b6 34. Nxd3 exd3) 34. Nxd3 $18 exd3 35. Rxd3 {KR-KR} Re7 36. Kf3 Kf7 37. b5 Rc7 38. Rd5 Ke6 {[#]} 39. Re5+ $1 Kf7 40. a4 Rd7 41. Ke3 Rd1 42. c6 bxc6 43. bxc6 Rc1 44. Ra5 Rxc6 45. Rxa7+ Kg8 $2 (45... Ke6 46. Kd4 (46. Rxh7 Ra6 $16) 46... Rc2 47. Rxh7 Rf2) 46. Kd4 Re6 47. Kd5 Re4 48. a5 Rxf4 49. Ke6 $2 (49. a6 $18) 49... Re4+ $1 $11 50. Kf6 {White wants to mate with Ra8+.} Re8 51. Rg7+ Kh8 52. a6 {Intending a7 and mate.} f4 {And now ...f3 would win.} 53. Rb7 {Kf7 would kill now.} f3 54. Rb1 f2 55. Rf1 Ra8 56. Rxf2 $2 {[%mdl 8192]} (56. Ke5 $11) 56... Rf8+ {Black mates.} 57. Ke7 Rxf2 {KR-K3P} 58. Kd7 Ra2 59. Kc7 Rxa6 {KR-KPP} 60. Kb7 Ra5 61. h4 Ra4 62. h5 gxh5 63. Kc6 h4 64. Kd6 h3 65. g6 hxg6 {A wild game. Accuracy: White = 51%, Black = 47%.} 0-1

[Event "Stay Safe Play From Home 222"]
[Site "T#646744Emanuel Laske"]
[Date "2020.06.12"]
[Round "5"]
[White "Haris kollari 13"]
[Black "Edmatuag"]
[Result "1-0"]
[WhiteElo "2016"]
[BlackElo "1775"]
[Annotator "NA RC"]
[PlyCount "47"]
[EventDate "2020.06.12"]
[EventType "swiss (blitz)"]

1. e4 {[%emt 0:00:01]} e5 {[%emt 0:00:03]} 2. Nf3 {[%emt 0:00:11]} Nf6 {[%emt 0:00:01]} 3. Nc3 {[%emt 0:00:02]} Nc6 {[%emt 0:00:03]} 4. Bb5 {[%emt 0:00:01]} Nd4 {[%emt 0:00:04]} 5. d3 {[%emt 0:00:02]} Nxb5 {[%emt 0:00:05]} 6. Nxb5 {[%emt 0:00:02]} d6 {[%emt 0:00:01]} 7. Bg5 {[%emt 0:00:04]} c6 {[%emt 0:00:05]} 8. Nc3 {[%emt 0:00:01]} Be7 {[%emt 0:00:02]} 9. h3 {[%emt 0:00:02]} Nd7 {[%emt 0:00:04]} 10. Bxe7 {[%emt 0:00:02]} Qxe7 {[%emt 0:00:01]} 11. Qd2 {[%emt 0:00:02]} h6 {[%emt 0:00:03]} 12. O-O-O {[%emt 0:00:01]} b5 {[%emt 0:00:05]} 13. d4 {[%emt 0:00:04]} Nb6 {[%emt 0:00:13]} 14. dxe5 {[%emt 0:00:04]} dxe5 {[%emt 0:00:20]} 15. Qd6 {[%emt 0:00:10]} Qxd6 {[%emt 0:00:21]} 16. Rxd6 {[%emt 0:00:01]} f6 {[%emt 0:00:29]} 17. Rxc6 {[%emt 0:00:03]} Bd7 {[%emt 0:00:11]} 18. Rc7 {[%emt 0:00:04]} Kd8 {[%emt 0:00:19]} 19. Rc5 {[%emt 0:00:02]} Ke7 {[%emt 0:00:11]} 20. Rd1 {[%emt 0:00:04]} a6 {[%emt 0:00:06]} 21. Nd5+ {[%emt 0:00:06]} Nxd5 {[%emt 0:00:02]} 22. Rdxd5 {[%emt 0:00:01]} Be6 {[%emt 0:00:07]} 23. Rc7+ {[%emt 0:00:02]} Kf8 {[%emt 0:00:08]} 24. Rd6 {[%emt 0:00:01] Edmatuag resigns (Lag: Av=0.40s, max=0.5s)} 1-0

[Event "Stay Safe Play From Home 222"]
[Site "T#646744Emanuel Laske"]
[Date "2020.06.12"]
[Round "5"]
[White "Archi-ak"]
[Black "Lazieri3"]
[Result "0-1"]
[WhiteElo "1807"]
[BlackElo "2056"]
[Annotator "TA"]
[PlyCount "88"]
[EventDate "2020.06.12"]
[EventType "swiss (blitz)"]

{[%evp 13,88,10,10,20,33,-33,-11,-174,-172,-175,-192,-188,-174,-179,-166,-208,-194,-271,-250,-315,-205,-234,-221,-243,-236,-247,-243,-437,-449,-439,-398,-443,-431,-425,-289,-292,-298,-383,-380,-343,-303,-406,-273,-364,-365,-340,-353,-604,-562,-916,-691,-12837,-12837,-12839,-12839,-12840,-12840,-12842,-12841,-29981,-29982,-29983,-29984,-12844,-12844,-12845,-12844,-12848,-12848,-12850,-12850,-12850,-27999,-12851,-27999,-27999,-27999]} 1. e4 c6 2. d4 d5 3. Nd2 dxe4 4. Nxe4 Nd7 5. Nf3 Ngf6 6. Nxf6+ Nxf6 7. Bd3 Bg4 8. Be3 {B17: Caro-Kann: Modern Line (4...Nd7).} e6 9. c4 ({Better is} 9. O-O $14) 9... Bb4+ {[#]} 10. Bd2 $146 (10. Kf1 $11 {and White is okay.}) ({Predecessor:} 10. Kf1 Ba5 11. h3 Bh5 12. g4 Bg6 13. Bxg6 hxg6 14. a3 Nxg4 15. b4 Nxe3+ 16. fxe3 Bc7 17. Ke2 a5 18. Qe1 Qb8 19. Ng5 Qd8 {½-½ (19) Khramkov,A (1106)-Raines,D (1104) LSS email 2011}) 10... Bxd2+ $19 {[%mdl 64] [#] Overworked Piece} 11. Qxd2 Bxf3 $1 12. gxf3 Qxd4 13. O-O-O O-O-O 14. Rhg1 g6 15. Qa5 (15. Qg5 {was worth a try.}) 15... Qf4+ 16. Kb1 Kb8 (16... Qxh2 17. Qxa7 Rd7 18. Qe3 $17) 17. Be2 Qc7 18. Qc3 {[#]} Nh5 $1 19. Qe3 Qxh2 20. Rg5 $2 (20. f4) 20... Rxd1+ 21. Bxd1 Rd8 22. Kc2 Qf4 23. Be2 Qxe3 24. fxe3 {[%mdl 4096] Endgame KRB-KRN} Ng7 25. e4 Nh5 26. Rg4 f5 27. Rh4 Kc7 28. f4 Ng3 ({Less strong is} 28... fxe4 29. Bxh5 gxh5 30. Rxh5 $17) 29. Rxh7+ Rd7 30. Rxd7+ $2 (30. Rh2 Nxe4 31. Bd3) 30... Kxd7 31. exf5 Nxe2 32. fxe6+ Kxe6 33. Kd2 Nxf4 {KN-K3P} 34. Ke3 Kf5 35. b4 Ke5 36. b5 c5 37. a4 b6 38. Kf3 g5 39. Kg4 Kd4 40. Kxg5 Kxc4 41. Kxf4 Kb4 42. Ke3 Kxa4 43. Kd3 Kxb5 44. Kc3 c4 {White did not feel at home in the position after the opening. Accuracy: White = 30%, Black = 71%.} 0-1

[Event "Stay Safe Play From Home 222"]
[Site "T#646744Emanuel Laske"]
[Date "2020.06.12"]
[Round "5"]
[White "Shyamph1980"]
[Black "Little champs"]
[Result "0-1"]
[WhiteElo "1705"]
[BlackElo "2082"]
[Annotator "NA RC"]
[PlyCount "60"]
[EventDate "2020.06.12"]
[EventType "swiss (blitz)"]

1. e4 {[%emt 0:00:01]} c5 {[%emt 0:00:03]} 2. Nf3 {[%emt 0:00:01]} d6 {[%emt 0:00:00]} 3. Bc4 {[%emt 0:00:02]} e6 {[%emt 0:00:01]} 4. d4 {[%emt 0:00:02]} Nf6 {[%emt 0:00:00]} 5. dxc5 {[%emt 0:00:02]} Nxe4 {[%emt 0:00:01]} 6. cxd6 {[%emt 0:00:10]} Nxd6 {[%emt 0:00:01]} 7. Bb3 {[%emt 0:00:03]} Nc6 {[%emt 0:00:01]} 8. O-O {[%emt 0:00:02]} Be7 {[%emt 0:00:00]} 9. Nc3 {[%emt 0:00:01]} O-O {[%emt 0:00:01]} 10. Bf4 {[%emt 0:00:03]} Nf5 {[%emt 0:00:08]} 11. Re1 {[%emt 0:00:07]} Qa5 {[%emt 0:00:02]} 12. Qe2 {[%emt 0:00:07]} Ncd4 {[%emt 0:00:04]} 13. Nxd4 {[%emt 0:00:03]} Nxd4 {[%emt 0:00:01]} 14. Qe5 {[%emt 0:00:32]} Qxe5 {[%emt 0:00:08]} 15. Bxe5 {[%emt 0:00:03]} Nc6 {[%emt 0:00:01]} 16. Bg3 {[%emt 0:00:04]} Bd7 {[%emt 0:00:03]} 17. Nd5 {[%emt 0:00:03]} exd5 {[%emt 0:00:08]} 18. Bxd5 {[%emt 0:00:03]} Bf6 {[%emt 0:00:02]} 19. c3 {[%emt 0:00:06]} Rfe8 {[%emt 0:00:01]} 20. Red1 {[%emt 0:00:03]} Be6 {[%emt 0:00:02]} 21. Bf3 {[%emt 0:00:04]} Rad8 {[%emt 0:00:02]} 22. Re1 {[%emt 0:00:05]} h6 {[%emt 0:00:08]} 23. a4 {[%emt 0:00:12]} Bb3 {[%emt 0:00:10]} 24. Rxe8+ {[%emt 0:00:09]} Rxe8 {[%emt 0:00:02]} 25. Bxc6 {[%emt 0:00:03]} bxc6 {[%emt 0:00:01]} 26. a5 {[%emt 0:00:00]} c5 {[%emt 0:00:01]} 27. h4 {[%emt 0:00:09]} Re2 {[%emt 0:00:02]} 28. Bb8 {[%emt 0:00:07]} a6 {[%emt 0:00:02]} 29. Kf1 {[%emt 0:00:05]} Rxb2 {[%emt 0:00:01]} 30. Re1 {[%emt 0:00:00]} Bxc3 {[%emt 0:00:05] Shyamph1980 resigns (Lag: Av=0.83s, max=1.5s)} 0-1

[Event "Stay Safe Play From Home 222"]
[Site "T#646744Emanuel Laske"]
[Date "2020.06.12"]
[Round "5"]
[White "Timbre"]
[Black "Topspin"]
[Result "1-0"]
[WhiteElo "1623"]
[BlackElo "1456"]
[Annotator "NA RC"]
[PlyCount "63"]
[EventDate "2020.06.12"]
[EventType "swiss (blitz)"]

1. d4 {[%emt 0:00:05]} Nf6 {[%emt 0:00:02]} 2. Nf3 {[%emt 0:00:01]} e6 {[%emt 0:00:01]} 3. c3 {[%emt 0:00:01]} d5 {[%emt 0:00:01]} 4. Bf4 {[%emt 0:00:01]} c5 {[%emt 0:00:04]} 5. e3 {[%emt 0:00:01]} Nc6 {[%emt 0:00:03]} 6. Bd3 {[%emt 0:00:02]} Bd7 {[%emt 0:00:02]} 7. Qe2 {[%emt 0:00:01]} c4 {[%emt 0:00:04]} 8. Bc2 {[%emt 0:00:02]} b5 {[%emt 0:00:01]} 9. a3 {[%emt 0:00:02]} a5 {[%emt 0:00:01]} 10. Nbd2 {[%emt 0:00:02]} Nh5 {[%emt 0:00:10]} 11. Bg3 {[%emt 0:00:03]} Be7 {[%emt 0:00:08]} 12. Be5 {[%emt 0:00:04]} Nxe5 {[%emt 0:00:04]} 13. Nxe5 {[%emt 0:00:02]} Nf6 {[%emt 0:00:08]} 14. e4 {[%emt 0:00:02]} dxe4 {[%emt 0:00:03]} 15. Nxe4 {[%emt 0:00:02]} Rc8 {[%emt 0:00:09]} 16. Nxf6+ {[%emt 0:00:05]} Bxf6 {[%emt 0:00:02]} 17. O-O {[%emt 0:00:02]} Bxe5 {[%emt 0:00:02]} 18. Qxe5 {[%emt 0:00:02]} Qc7 {[%emt 0:00:04]} 19. Qxg7 {[%emt 0:00:03]} Rf8 {[%emt 0:00:05]} 20. Rae1 {[%emt 0:00:08]} Qc6 {[%emt 0:00:15]} 21. Be4 {[%emt 0:00:08]} Qd6 {[%emt 0:00:06]} 22. Bf3 {[%emt 0:00:03]} Bc6 {[%emt 0:00:04]} 23. Bxc6+ {[%emt 0:00:03]} Qxc6 {[%emt 0:00:02]} 24. Rd1 {[%emt 0:00:02]} Qd5 {[%emt 0:00:03]} 25. Rfe1 {[%emt 0:00:03]} Kd7 {[%emt 0:00:05]} 26. Re5 {[%emt 0:00:04]} Qb7 {[%emt 0:00:14]} 27. d5 {[%emt 0:00:02]} Rg8 {[%emt 0:00:13]} 28. dxe6+ {[%emt 0:00:10]} Kc7 {[%emt 0:00:17]} 29. Qxf7+ {[%emt 0:00:03]} Kb8 {[%emt 0:00:01]} 30. Qxb7+ {[%emt 0:00:02]} Kxb7 {[%emt 0:00:01]} 31. e7 {[%emt 0:00:01]} Rce8 {[%emt 0:00:02]} 32. h3 {[%emt 0:00:05] Topspin gibt auf (Lag: Av=0.47s, max=4.5s)} 1-0

[Event "Stay Safe Play From Home 222"]
[Site "T#646744Emanuel Laske"]
[Date "2020.06.12"]
[Round "5"]
[White "Germanicus G"]
[Black "Erdema"]
[Result "0-1"]
[WhiteElo "1616"]
[BlackElo "1591"]
[Annotator "NA RC"]
[PlyCount "34"]
[EventDate "2020.06.12"]
[EventType "swiss (blitz)"]

1. e4 {[%emt 0:00:04]} e5 {[%emt 0:00:01]} 2. Nf3 {[%emt 0:00:01]} Nc6 {[%emt 0:00:01]} 3. Bc4 {[%emt 0:00:01]} Bc5 {[%emt 0:00:02]} 4. O-O {[%emt 0:00:01]} Nf6 {[%emt 0:00:02]} 5. c3 {[%emt 0:00:01]} d6 {[%emt 0:00:03]} 6. d4 {[%emt 0:00:01]} exd4 {[%emt 0:00:01]} 7. cxd4 {[%emt 0:00:01]} Bb6 {[%emt 0:00:01]} 8. d5 {[%emt 0:00:01]} Ne5 {[%emt 0:00:02]} 9. Nxe5 {[%emt 0:00:01]} dxe5 {[%emt 0:00:02]} 10. Nc3 {[%emt 0:00:06]} Bd4 {[%emt 0:00:03]} 11. Qd3 {[%emt 0:00:19]} O-O {[%emt 0:00:03]} 12. Be3 {[%emt 0:00:12]} Bxe3 {[%emt 0:00:03]} 13. Qxe3 {[%emt 0:00:04]} a6 {[%emt 0:00:01]} 14. f3 {[%emt 0:00:42]} Nh5 {[%emt 0:00:04]} 15. Rfd1 {[%emt 0:00:17]} Nf4 {[%emt 0:00:03]} 16. Rac1 {[%emt 0:00:20]} Qg5 {[%emt 0:00:06]} 17. Bf1 {[%emt 0:00:02]} Nh3+ {[%emt 0:00:03] Germanicus G gibt auf (Lag: Av=0.79s, max=3.5s)} 0-1

[Event "Stay Safe Play From Home 222"]
[Site "T#646744Emanuel Laske"]
[Date "2020.06.12"]
[Round "5"]
[White "BOODWUTCHER"]
[Black "Galatasaray01"]
[Result "0-1"]
[WhiteElo "1248"]
[BlackElo "1171"]
[Annotator "NA RC"]
[PlyCount "34"]
[EventDate "2020.06.12"]
[EventType "swiss (blitz)"]

1. d4 {[%emt 0:00:01]} d5 {[%emt 0:00:44]} 2. e3 {[%emt 0:00:08]} Nc6 {[%emt 0:00:00]} 3. Bb5 {[%emt 0:00:02]} a6 {[%emt 0:00:02]} 4. Bxc6+ {[%emt 0:00:00]} bxc6 {[%emt 0:00:01]} 5. f4 {[%emt 0:00:01]} Bb7 {[%emt 0:00:01]} 6. Nf3 {[%emt 0:00:03]} Nf6 {[%emt 0:00:08]} 7. O-O {[%emt 0:00:01]} e6 {[%emt 0:00:03]} 8. Nbd2 {[%emt 0:00:02]} Ng4 {[%emt 0:00:01]} 9. Qe2 {[%emt 0:00:01]} h5 {[%emt 0:00:08]} 10. h3 {[%emt 0:00:03]} Nf6 {[%emt 0:00:02]} 11. c4 {[%emt 0:00:06]} Qd6 {[%emt 0:00:02]} 12. c5 {[%emt 0:00:02]} Qe7 {[%emt 0:00:02]} 13. Nh4 {[%emt 0:00:04]} Ne4 {[%emt 0:00:05]} 14. Qe1 {[%emt 0:00:10]} Nxd2 {[%emt 0:00:05]} 15. Bxd2 {[%emt 0:00:04]} O-O-O {[%emt 0:00:04]} 16. b4 {[%emt 0:00:03]} Qf6 {[%emt 0:00:02]} 17. Nf3 {[%emt 0:00:01]} g6 {[%emt 0:00:10] (Lag: Av=0.77s, max=1.3s) . BOODWUTCHER resigns} 0-1

[Event "Stay Safe Play From Home 222"]
[Site "T#646744Emanuel Laske"]
[Date "2020.06.12"]
[Round "6"]
[White "Haris kollari 13"]
[Black "Haxhi Baha"]
[Result "1-0"]
[WhiteElo "2023"]
[BlackElo "2015"]
[Annotator "NA RC"]
[PlyCount "81"]
[EventDate "2020.06.12"]
[EventType "swiss (blitz)"]

1. e4 {[%emt 0:00:02]} c5 {[%emt 0:00:03]} 2. Nf3 {[%emt 0:00:01]} d5 {[%emt 0:00:09]} 3. exd5 {[%emt 0:00:02]} Qxd5 {[%emt 0:00:01]} 4. c4 {[%emt 0:00:01]} Qd8 {[%emt 0:00:02]} 5. Nc3 {[%emt 0:00:01]} Bg4 {[%emt 0:00:01]} 6. Be2 {[%emt 0:00:02]} Nf6 {[%emt 0:00:01]} 7. d3 {[%emt 0:00:01]} Nc6 {[%emt 0:00:01]} 8. Bg5 {[%emt 0:00:01]} e6 {[%emt 0:00:01]} 9. Ne4 {[%emt 0:00:03]} Be7 {[%emt 0:00:01]} 10. Qc2 {[%emt 0:00:02]} Bxf3 {[%emt 0:00:02]} 11. Bxf3 {[%emt 0:00:04]} Nd4 {[%emt 0:00:01]} 12. Qd1 {[%emt 0:00:10]} Nxf3+ {[%emt 0:00:02]} 13. Qxf3 {[%emt 0:00:02]} Nxe4 {[%emt 0:00:02]} 14. Bxe7 {[%emt 0:00:01]} Qxe7 {[%emt 0:00:00]} 15. Qxe4 {[%emt 0:00:01]} O-O {[%emt 0:00:01]} 16. O-O {[%emt 0:00:02]} Rad8 {[%emt 0:00:01]} 17. Rad1 {[%emt 0:00:01]} Rd4 {[%emt 0:00:01]} 18. Qe3 {[%emt 0:00:04]} h6 {[%emt 0:00:01]} 19. Rd2 {[%emt 0:00:01]} Rfd8 {[%emt 0:00:02]} 20. Rfd1 {[%emt 0:00:03]} b6 {[%emt 0:00:01]} 21. b3 {[%emt 0:00:01]} Qf6 {[%emt 0:00:03]} 22. Kf1 {[%emt 0:00:02]} Qf4 {[%emt 0:00:01]} 23. Qxf4 {[%emt 0:00:02]} Rxf4 {[%emt 0:00:00]} 24. Ke2 {[%emt 0:00:01]} h5 {[%emt 0:00:04]} 25. Ke3 {[%emt 0:00:02]} Rfd4 {[%emt 0:00:01]} 26. f4 {[%emt 0:00:03]} f6 {[%emt 0:00:02]} 27. g3 {[%emt 0:00:02]} g5 {[%emt 0:00:01]} 28. fxg5 {[%emt 0:00:02]} fxg5 {[%emt 0:00:00]} 29. Rf2 {[%emt 0:00:02]} Kg7 {[%emt 0:00:01]} 30. h3 {[%emt 0:00:06]} g4 {[%emt 0:00:02]} 31. h4 {[%emt 0:00:01]} Rf8 {[%emt 0:00:04]} 32. Rxf8 {[%emt 0:00:03]} Kxf8 {[%emt 0:00:00]} 33. Rf1+ {[%emt 0:00:00]} Ke7 {[%emt 0:00:01]} 34. Rf2 {[%emt 0:00:02]} e5 {[%emt 0:00:02]} 35. Rf5 {[%emt 0:00:02]} Ke6 {[%emt 0:00:00]} 36. Rxh5 {[%emt 0:00:01]} Rd7 {[%emt 0:00:01]} 37. Rg5 {[%emt 0:00:05]} Rf7 {[%emt 0:00:03]} 38. Rxg4 {[%emt 0:00:01]} Rf1 {[%emt 0:00:01]} 39. Rg7 {[%emt 0:00:04]} a5 {[%emt 0:00:02]} 40. Rg6+ {[%emt 0:00:02]} Kf5 {[%emt 0:00:01]} 41. Rg5+ {[%emt 0:00:07] Haxhi Baha resigns (Lag: Av=0.91s, max=1.3s)} 1-0

[Event "Stay Safe Play From Home 222"]
[Site "T#646744Emanuel Laske"]
[Date "2020.06.12"]
[Round "6"]
[White "Tunca"]
[Black "Lazieri3"]
[Result "1/2-1/2"]
[WhiteElo "1804"]
[BlackElo "2062"]
[Annotator "NA RC"]
[PlyCount "112"]
[EventDate "2020.06.12"]
[EventType "swiss (blitz)"]

1. e4 {[%emt 0:00:01]} c6 {[%emt 0:00:01]} 2. d4 {[%emt 0:00:01]} d5 {[%emt 0:00:00]} 3. Nc3 {[%emt 0:00:01]} dxe4 {[%emt 0:00:01]} 4. Nxe4 {[%emt 0:00:01]} Nd7 {[%emt 0:00:01]} 5. Nf3 {[%emt 0:00:03]} Ngf6 {[%emt 0:00:01]} 6. Ng3 {[%emt 0:00:02]} Nb6 {[%emt 0:00:01]} 7. Bd3 {[%emt 0:00:11]} Bg4 {[%emt 0:00:02]} 8. Be3 {[%emt 0:00:01]} Nh5 {[%emt 0:00:01]} 9. Ne4 {[%emt 0:00:27]} e6 {[%emt 0:00:05]} 10. h3 {[%emt 0:00:05]} Bxf3 {[%emt 0:00:02]} 11. Qxf3 {[%emt 0:00:00]} Nf6 {[%emt 0:00:02]} 12. Bg5 {[%emt 0:00:17]} Be7 {[%emt 0:00:02]} 13. c3 {[%emt 0:00:09]} Nxe4 {[%emt 0:00:02]} 14. Bxe7 {[%emt 0:00:02]} Qxe7 {[%emt 0:00:09]} 15. Qxe4 {[%emt 0:00:01]} Nd5 {[%emt 0:00:05]} 16. O-O {[%emt 0:00:05]} g6 {[%emt 0:00:02]} 17. Qe5 {[%emt 0:00:05]} Qf6 {[%emt 0:00:05]} 18. Rfe1 {[%emt 0:00:04]} Qxe5 {[%emt 0:00:01]} 19. Rxe5 {[%emt 0:00:00]} O-O-O {[%emt 0:00:02]} 20. g3 {[%emt 0:00:10]} Nf6 {[%emt 0:00:05]} 21. Rae1 {[%emt 0:00:05]} Rd5 {[%emt 0:00:02]} 22. Bc4 {[%emt 0:00:02]} Rxe5 {[%emt 0:00:02]} 23. Rxe5 {[%emt 0:00:00]} Rd8 {[%emt 0:00:02]} 24. Kg2 {[%emt 0:00:03]} Kc7 {[%emt 0:00:04]} 25. Kf3 {[%emt 0:00:02]} Nd7 {[%emt 0:00:02]} 26. Re1 {[%emt 0:00:03]} Kd6 {[%emt 0:00:28]} 27. Bb3 {[%emt 0:00:04]} c5 {[%emt 0:00:15]} 28. Rd1 {[%emt 0:00:04]} cxd4 {[%emt 0:00:04]} 29. Rxd4+ {[%emt 0:00:00]} Ke7 {[%emt 0:00:05]} 30. Bc2 {[%emt 0:01:02]} Ne5+ {[%emt 0:00:16]} 31. Ke3 {[%emt 0:00:04]} Rxd4 {[%emt 0:00:07]} 32. Kxd4 {[%emt 0:00:00]} Kd6 {[%emt 0:00:10]} 33. Be4 {[%emt 0:00:03]} b6 {[%emt 0:00:03]} 34. f4 {[%emt 0:00:02]} Nd7 {[%emt 0:00:03]} 35. b4 {[%emt 0:00:02]} f5 {[%emt 0:00:03]} 36. Bf3 {[%emt 0:00:09]} e5+ {[%emt 0:00:01]} 37. fxe5+ {[%emt 0:00:00]} Nxe5 {[%emt 0:00:00]} 38. Bb7 {[%emt 0:00:03]} g5 {[%emt 0:00:44]} 39. c4 {[%emt 0:00:05]} Ng6 {[%emt 0:00:16]} 40. Bc8 {[%emt 0:00:08]} f4 {[%emt 0:00:03]} 41. gxf4 {[%emt 0:00:01]} Nxf4 {[%emt 0:00:00]} 42. c5+ {[%emt 0:00:02]} bxc5+ {[%emt 0:00:01]} 43. bxc5+ {[%emt 0:00:00]} Kc7 {[%emt 0:00:14]} 44. Bf5 {[%emt 0:00:01]} h5 {[%emt 0:00:06]} 45. Kc4 {[%emt 0:00:19]} Ng2 {[%emt 0:00:08]} 46. Kb5 {[%emt 0:00:09]} Ne3 {[%emt 0:00:04]} 47. Be6 {[%emt 0:00:02]} g4 {[%emt 0:00:01]} 48. hxg4 {[%emt 0:00:01]} hxg4 {[%emt 0:00:00]} 49. Ka6 {[%emt 0:00:15]} g3 {[%emt 0:00:03]} 50. Bh3 {[%emt 0:00:01]} Kb8 {[%emt 0:00:12]} 51. c6 {[%emt 0:00:02]} g2 {[%emt 0:00:16]} 52. Bxg2 {[%emt 0:00:02]} Nxg2 {[%emt 0:00:00]} 53. c7+ {[%emt 0:00:01]} Kxc7 {[%emt 0:00:00]} 54. Kxa7 {[%emt 0:00:00]} Ne3 {[%emt 0:00:01]} 55. a4 {[%emt 0:00:00]} Nc4 {[%emt 0:00:01]} 56. a5 {[%emt 0:00:02]} Nxa5 {[%emt 0:00:01] (Lag: Av=0.57s, max=1.1s)} 1/2-1/2

[Event "Stay Safe Play From Home 222"]
[Site "T#646744Emanuel Laske"]
[Date "2020.06.12"]
[Round "6"]
[White "Edmatuag"]
[Black "Archi-ak"]
[Result "0-1"]
[WhiteElo "1769"]
[BlackElo "1801"]
[Annotator "NA RC"]
[PlyCount "90"]
[EventDate "2020.06.12"]
[EventType "swiss (blitz)"]

1. e4 {[%emt 0:00:04]} c5 {[%emt 0:00:01]} 2. Nf3 {[%emt 0:00:02]} d6 {[%emt 0:00:00]} 3. d4 {[%emt 0:00:00]} cxd4 {[%emt 0:00:00]} 4. Nxd4 {[%emt 0:00:00]} Nf6 {[%emt 0:00:00]} 5. Nc3 {[%emt 0:00:01]} a6 {[%emt 0:00:00]} 6. Be2 {[%emt 0:00:01]} e5 {[%emt 0:00:01]} 7. Nb3 {[%emt 0:00:01]} Be6 {[%emt 0:00:00]} 8. Qd3 {[%emt 0:00:01]} Be7 {[%emt 0:00:06]} 9. Bd2 {[%emt 0:00:01]} Nbd7 {[%emt 0:00:01]} 10. O-O {[%emt 0:00:04]} Qc7 {[%emt 0:00:02]} 11. Rac1 {[%emt 0:00:12]} b5 {[%emt 0:00:03]} 12. Nd5 {[%emt 0:00:05]} Bxd5 {[%emt 0:00:01]} 13. exd5 {[%emt 0:00:01]} Nc5 {[%emt 0:00:01]} 14. Nxc5 {[%emt 0:00:09]} Qxc5 {[%emt 0:00:00]} 15. c4 {[%emt 0:00:10]} b4 {[%emt 0:00:24]} 16. Be3 {[%emt 0:00:11]} Qc7 {[%emt 0:00:04]} 17. Rfd1 {[%emt 0:00:09]} Qa5 {[%emt 0:00:34]} 18. Qb3 {[%emt 0:00:36]} O-O {[%emt 0:00:05]} 19. h3 {[%emt 0:00:07]} Rab8 {[%emt 0:00:02]} 20. Bd3 {[%emt 0:00:03]} Rfc8 {[%emt 0:00:06]} 21. Bb1 {[%emt 0:00:13]} Qd8 {[%emt 0:00:06]} 22. Qd3 {[%emt 0:00:04]} g6 {[%emt 0:00:05]} 23. f4 {[%emt 0:00:08]} Nd7 {[%emt 0:00:07]} 24. f5 {[%emt 0:00:04]} Bf6 {[%emt 0:00:03]} 25. fxg6 {[%emt 0:00:05]} fxg6 {[%emt 0:00:00]} 26. Rf1 {[%emt 0:00:16]} Qe7 {[%emt 0:00:02]} 27. b3 {[%emt 0:00:06]} a5 {[%emt 0:00:02]} 28. Bh6 {[%emt 0:00:05]} Bg7 {[%emt 0:00:08]} 29. Qe3 {[%emt 0:00:06]} Rf8 {[%emt 0:00:08]} 30. Bg5 {[%emt 0:00:03]} Bf6 {[%emt 0:00:10]} 31. Rxf6 {[%emt 0:00:06]} Nxf6 {[%emt 0:00:02]} 32. g4 {[%emt 0:00:13]} Qc7 {[%emt 0:00:10]} 33. Bh6 {[%emt 0:00:08]} Rf7 {[%emt 0:00:03]} 34. Kg2 {[%emt 0:00:07]} Nd7 {[%emt 0:00:06]} 35. h4 {[%emt 0:00:04]} Qc5 {[%emt 0:00:05]} 36. Qe2 {[%emt 0:00:02]} Nf6 {[%emt 0:00:11]} 37. Be3 {[%emt 0:00:05]} Qc7 {[%emt 0:00:04]} 38. c5 {[%emt 0:00:02]} dxc5 {[%emt 0:00:07]} 39. Rxc5 {[%emt 0:00:05]} Qd8 {[%emt 0:00:21]} 40. h5 {[%emt 0:00:07]} gxh5 {[%emt 0:00:14]} 41. gxh5 {[%emt 0:00:02]} Nxd5 {[%emt 0:00:11]} 42. Kh3 {[%emt 0:00:13]} Qd7+ {[%emt 0:00:07]} 43. Kh2 {[%emt 0:00:02]} Nxe3 {[%emt 0:00:10]} 44. Qxe3 {[%emt 0:00:03]} Qe7 {[%emt 0:00:06]} 45. Qh3 {[%emt 0:00:04]} Rbf8 {[%emt 0:00:02] Time (Lag: Av=0.77s, max=1.4s)} 0-1